| 000 | 00652nam a22002177a 4500 | ||
|---|---|---|---|
| 003 | OSt | ||
| 005 | 20251115114725.0 | ||
| 008 | 251115b |||||||| |||| 00| 0 eng d | ||
| 020 | _a0-471-38482-8. | ||
| 040 |
_aDWCL-Admin lib _cOC |
||
| 082 | _aCirc. 627 C953e 2001 | ||
| 100 | _aElger, O.F | ||
| 245 |
_aEngineering fuid mechanics / _cO.F Elger |
||
| 260 |
_aNew york : _bJohn Wiley & Sons, _cc2001 |
||
| 300 |
_aviii, 714 p. : ill. ; _c22 cm. |
||
| 504 | _aIncludes bibliographical references & index. | ||
| 650 | _a1. Fluid mechanics | ||
| 700 | _aCrowe, Clayton T. | ||
| 700 | _aRoberson, John A. | ||
| 942 |
_2ddc _cBK-CIRC _e7th ed. _kCirc. _n0 |
||
| 999 |
_c5683 _d5683 |
||